|
|
|
|
| LEADER |
01159cam a2200277 i 4500 |
| 001 |
2932049 |
| 003 |
GR-PaULI |
| 005 |
20210117210959.0 |
| 008 |
191007r19951982fr a g b 001 0 fre d |
| 952 |
|
|
|0 0
|1 0
|2 ddc
|4 0
|6 791_530000000000000_MAR
|7 0
|9 235882
|a THST
|b THST
|d 2019-10-07
|i 001653
|l 0
|o 791.53 MAR
|p 025000012854
|r 2019-10-07 00:00:00
|t 1
|v 2019.00
|w 2019-10-07
|y BK15
|
| 999 |
|
|
|c 142862
|d 142862
|
| 010 |
|
|
|a 89137217
|
| 020 |
|
|
|a 2040271457
|
| 040 |
|
|
|a DLC
|c DLC
|d DLC
|d GR-PaULI
|b gre
|e AACR2
|
| 082 |
0 |
0 |
|a 791.53
|2 23
|
| 245 |
0 |
4 |
|a Les Marionnettes /
|c Jacques Ancion ... [et al.] ; sous la direction de Paul Fournel ; préface d'Antoine Vitez.
|
| 260 |
|
|
|a Paris :
|b Bordas,
|c c1995.
|
| 300 |
|
|
|a 160 σ.. :
|b εικ. ;
|c 33 εκ.
|
| 504 |
|
|
|a Περιλαμβάνει βιβλιογραφία και ευρετήριο.
|
| 650 |
|
4 |
|a Κουκλοθέατρο
|9 53290
|
| 650 |
|
4 |
|a Κουκλοθέατρο
|9 103142
|x Μαριονέτες
|
| 650 |
|
4 |
|a Μαριονέτες
|9 141450
|
| 700 |
1 |
4 |
|a Ancion, Jacques.
|9 178191
|e συγγραφέας
|
| 700 |
1 |
4 |
|a Fournel, Paul,
|d 1947-
|9 178192
|e επιμελητής
|
| 942 |
|
|
|2 ddc
|c BK15
|
| 998 |
|
|
|c ΜΑΝΙΑ
|d 2019-10
|